00457 2200181 4500001002100000008004100021035002000062245003800082100002000120260002400140300002700164020002200191084001600213082001000229990001200239990001200251990001200263INLIS000000000001453 Ind  a0010-1024000006 aAkhlak Yang MuliacZulfikri Tamir aTamir, Zulfikri aJakartabEmirc2015 a222 hlm.c15 x 21,5 cm a978-602-0935-37-9 a297.5 ZUL a a297.5 a0753701 a0753702 a0753703